| 000 | 00626nam a2200205Ia 4500 | ||
|---|---|---|---|
| 005 | 20250508150842.0 | ||
| 008 | 008 250505s9999 xx 000 0 eng d | ||
| 037 | _aBooks to be hide in OPAC | ||
| 040 |
_aFEDL _beng _cFEDL |
||
| 041 |
_aeng _2eng |
||
| 084 |
_a371.62, ENG/O _qFEDL |
||
| 100 | _aEngelhardt N L | ||
| 245 | 0 | _aPlanning secondary school buildings | |
| 260 |
_aNew York, USA _bReinhold Publishing Corporation _c1949 |
||
| 300 | _a252p. | ||
| 650 |
_aSchool building _9757816 |
||
| 700 |
_a Engelhardt N L Leggett Stanton _9757817 |
||
| 942 |
_cHB _h371.62, ENG/O |
||
| 999 |
_c1326102 _d1326102 |
||